01645nam a2200301 a 450000100100000000500170001000800410002702000150006804000250008308200160010810000410012424501670016526000260033249000430035849000450040150000360044670000460048270000430052870000390057183000500061083000520066095201280071295201280084095201280096895201130109695201190120999900150132800000501520240305140450.0090729s2006 dr 000 0 spa d a9993483591 aDO-SdBNPbspacBNPHU axxxxbC343p1 aQuirós, Constancio Bernaldo91445210aPenalidad en el código negro de la isla española /cConstancio Bernaldo de Quirós ; prólogo Roberto Cassá y Bernaldo de Quirós ; editor Wilfredo Mora. aSanto Domingo,c2006.1 aPensamiento Crimonológico Dominicano1 aMaestros de la criminología dominicana aIncluye bibliografías (67-68)1 aCassá, Roberto, d1948-epról.9108881 aQuirós, Bernaldo de,epról.9144531 aMora, Wilfredo,d1965-eed.912701 0aPensamiento Crimonológico Dominicano914454 0aMaestros de la criminología dominicana914455 001052708DSaGRbGRcCTd2009-07-29iLF1l0oxxxx C343pp5015-30r2020-06-25te. 3w2020-06-25yLFDSZPréstamo interno 001152708DSaGRbGRcMId2010-02-02iLF1l0oxxxx C343pp5015-40r2020-06-25te. 4w2020-06-25yLFDSZPréstamo interno 001152708DSaGRbGRcMId2010-02-02iLF1l0oxxxx C343pp5015-50r2020-06-25te. 5w2020-06-25yLFDSZPréstamo interno 0010718PDaPDbPDcCTd2009-07-29iLF1l0oxxxx C343pp5015-10r2020-06-25w2020-06-25yLFPDZNo se presta 0010718PDaPDbPDcCTd2009-07-29iLF1l0oxxxx C343pp5015-20r2020-06-25te. 2w2020-06-25yLFPDZNo se presta c4821d4821